The Supreme Court, crime, & the ideal of equal justice /
"Although judges are the guardians of the Constitution's principles, this book examines how their decisions both advance and impede the ideal of equal justice. By analyzing interpretations of "equal protection" and other rights affecting discriminations and disadvantages linked t...
Saved in:
| Main Author: | |
|---|---|
| Other Authors: | , |
| Format: | Book |
| Language: | English |
| Published: |
New York :
P. Lang,
c2003.
|
| Series: | Studies in crime and punishment ;
v. 14. |
| Subjects: |
| LEADER | 02507cam a2200445 a 4500 | ||
|---|---|---|---|
| 001 | c000405824 | ||
| 003 | CARM | ||
| 005 | 20200806160745.0 | ||
| 008 | 200806s2003 nyu b 001 0 eng | ||
| 010 | |a 2002021408 | ||
| 019 | 1 | |a 23469271 |5 LACONCORD2021 | |
| 020 | |a 0820461210 (pbk. : alk. paper) | ||
| 035 | |a (OCoLC)49493408 |5 LACONCORD2021 | ||
| 040 | |a DLC |b eng |c DLC |d DLC |d OrLoB-B | ||
| 043 | |a n-us--- | ||
| 050 | 0 | 0 | |a KF9223 |b .S574 2003 |
| 050 | 0 | 0 | |a KF9223 |b .S574 2002 |
| 082 | 0 | 0 | |a 347.73/26 |2 21 |
| 100 | 1 | |a Smith, Christopher E. | |
| 245 | 1 | 4 | |a The Supreme Court, crime, & the ideal of equal justice / |c Christopher E. Smith, Christina DeJong, & John D. Burrow. |
| 246 | 3 | |a Supreme Court, crime, and the ideal of equal justice | |
| 260 | |a New York : |b P. Lang, |c c2003. | ||
| 300 | |a viii, 237 p. ; |c 23 cm. | ||
| 490 | 1 | |a Studies in crime & punishment, |x 1529-2444 ; |v vol. 14 | |
| 504 | |a Includes bibliographical references (p. [209]-220) and index. | ||
| 505 | 0 | |a 1. The Ideal of Equal Justice -- 2. Unequal Justice and the U.S. Supreme Court -- 3. Race and Equal Justice -- 4. Gender and Equal Justice -- 5. The Poor and Equal Justice -- 6. Convicted Offenders and Equal Justice -- 7. Judicial Behavior and the Ideal of Equal Justice. | |
| 520 | 1 | |a "Although judges are the guardians of the Constitution's principles, this book examines how their decisions both advance and impede the ideal of equal justice. By analyzing interpretations of "equal protection" and other rights affecting discriminations and disadvantages linked to race, gender, and social status, the authors illustrate how constitutional law often facilitates the denial of equal justice for people drawn into the criminal justice system."--BOOK JACKET. | |
| 610 | 1 | 0 | |a United States. |b Supreme Court |
| 650 | 0 | |a Criminal justice, Administration of |z United States. | |
| 650 | 0 | |a Equality before the law |z United States. | |
| 650 | 0 | |a Crime |z United States. | |
| 700 | 1 | |a DeJong, Christina, |d 1967- | |
| 700 | 1 | |a Burrow, John D. |q (John David) | |
| 830 | 0 | |a Studies in crime and punishment ; |v v. 14. | |
| 852 | 8 | |b CARM |i B12821 |p 0656245 |f BK | |
| 852 | 8 | |b SCAN |h A3:AF33A0 |i B12821 |p 0656245 |f BK | |
| 852 | 8 | |b SCAN |h A3:AF33A0 |i B12821 |p 0656245 |f BK | |
| 999 | f | f | |i 152197ee-a0f5-544a-848f-9fed0562f1b3 |s 61632b15-af0c-5736-9c2b-5b1b02183cfb |
| 952 | f | f | |p Can circulate |a CAVAL |b CAVAL |c CAVAL |d CARM 1 Store |e B12821 |h Other scheme |i book |m 0656245 |
| 952 | f | f | |a CAVAL |b CAVAL |c CAVAL |d Unmapped Location |e B12821 |f A3:AF33A0 |h Other scheme |